| 000 | 00359nam a2200145Ia 4500 | ||
|---|---|---|---|
| 008 | 150201s2002 xx 000 0 und d | ||
| 082 |
_a612.015 _bF2002D |
||
| 100 | _aDEB,A.C. | ||
| 245 | _aFUNDAMENTALS OF BIOCHEMISTRY | ||
| 250 | _a7TH | ||
| 260 |
_bNEW CENTRAL BOOK AGENCY _aCALCUTTA _c2002 |
||
| 300 | _a1-664 | ||
| 650 | _aBIOCHEMISTRY | ||
| 942 |
_2ddc _cBK |
||
| 999 |
_c2530 _d2530 |
||